000 01322nas a2200289 i 4500
001 C00050860c
005 20241114090500.0
008 041103d19481951sp q r 0 a spa d
080 _a908(460.182)(05)
130 0 _aBoletín de la Comisión Provincial de Monumentos y de la Institución Fernán González de la Ciudad de Burgos.
_934026
245 1 0 _aBoletín de la Comisión Provincial de Monumentos y de la Institución Fernán González de la Ciudad de Burgos.
260 _aBurgos :
_b[s.n.],
_c1948-1951.
300 _a13 v. ;
_c24 cm.
310 _aTrimestral
362 0 _aN.103 (1948)-n.115 (1951)
500 _aComprende: 1948-1951.
500 _aContiene: (1948), n.103-105; (1949), n.106-109; (1950), n.110-113; (1951), n.114-115.
580 _aEs continuación de: Boletín de la Institución Fernán González y de la Comisión Provincial de Monumentos Históricos y Artísticos de Burgos.
580 _aContinuada por: Boletín de la Institución Fernán González de la ciudad de Burgos.
590 _arevistas_001
651 _aBurgos (España)-
_xHistoria-
_vPublicaciones periódicas.
_995720
710 2 _aInstitución Fernán González (Burgos)
_93808
710 2 _aComisión Provincial de Monumentos (
_cBurgos)
_934027
852 4 _jRev-2014
999 _c49512
_d49512